Ekstraklasa 2013/2014 - Statystyki

Ogólne statystyki
  • Ten quiz został rozwiązany 118 razy
  • Średni wynik to 13 z 16
Statystyki odpowiedzi
Miejsce w tabeli Punkty Drużyna % Poprawnych
2 40 Lech Poznań
99%
1 50 Legia Warszawa
99%
5 31 Wisła Kraków
96%
14 25 Cracovia
90%
4 32 Lechia Gdańsk
90%
7 27 Pogoń Szczecin
90%
6 31 Górnik Zabrze
87%
9 34 Śląsk Wrocław
87%
3 34 Ruch Chorzów
86%
11 29 Jagiellonia Białystok
85%
15 22 Widzew Łódź
83%
12 28 Piast Gliwice
82%
16 16 Zagłębie Lubin
78%
8 25 Zawisza Bydgoszcz
70%
13 26 Korona Kielce
68%
10 30 Podbeskidzie Bielsko-Biała
51%
Nie znaleziono quizów pasujących do podanych kryteriów
Rozkład punktacji
Procent ludzi z każdym wynikiem
Percentyl według liczby udzielonych odpowiedzi
Twoja historia wyników
Nie rozwiązałeś tego quizu